[Event "XVI Festival A"]
[Site "Trieste ITA"]
[Date "2014.09.04"]
[Round "7"]
[White "Larmuseau, Maarten"]
[Black "Mazi, Leon"]
[WhiteElo "2236"]
[BlackElo "2361"]
[Result "1/2-1/2"]
[PlyCount "154"]
[EventDate "2014.08.30"]

1. e4 c5 2. c3 Nf6 3. e5 Nd5 4. Nf3 d6 5. d4 cxd4 6. cxd4 Nc6 7. Bc4 Nb6 8. Bb5
dxe5 9. Nxe5 Bd7 10. Nxd7 Qxd7 11. Nc3 Rd8 12. O-O e6 13. Be3 Be7 14. Qf3 O-O
15. Rac1 Nd5 16. Nxd5 exd5 17. Qe2 Rc8 18. Rc3 a6 19. Bd3 Rfe8 20. Bb1 g6 21.
Qf3 Bf8 22. h4 h5 23. a3 Na5 24. Rxc8 Rxc8 25. Rd1 Nc4 26. Bc1 Re8 27. g3 a5
28. Kg2 a4 29. Bd3 b5 30. Bf1 Bg7 31. Kh2 Re4 32. Bxc4 bxc4 33. Be3 Qb7 34. Rd2
Qb3 35. Qd1 Bf8 36. Qc1 Bd6 37. Kg2 Re8 38. Re2 Qd3 39. Re1 Re6 40. Kg1 Bf8 41.
Qd2 Qb3 42. Kg2 Bg7 43. Re2 Qb7 44. Qa5 Qd7 45. Rd2 Re4 46. Kh2 Kh7 47. Kg2 Qc6
48. Qa7 Kg8 49. Rd1 Re8 50. Bf4 Bf6 51. Qa5 Re2 52. Rd2 Re1 53. Rc2 Rb1 54. Re2
Kg7 55. Qd2 Qd7 56. Qe3 Qf5 57. Bd6 Qe4+ 58. Qxe4 dxe4 59. Be5 Bxe5 60. dxe5 e3
61. f4 Rc1 62. Kf3 c3 63. bxc3 Rxc3 64. Rxe3 Rb3 65. Ke4 Rb1 66. Rd3 Rg1 67.
Kd5 Kf8 68. Kd6 Rb1 69. Kc5 Ke7 70. Kd5 f6 71. Rd4 Rb5+ 72. Kc6 Rb3 73. Rxa4
fxe5 74. fxe5 Ke6 75. g4 hxg4 76. Rxg4 Rc3+ 77. Kb5 Rxa3 1/2-1/2

[Event "XVI Festival A"]
[Site "Trieste ITA"]
[Date "2014.09.04"]
[Round "7"]
[White "Lodici, Lorenzo"]
[Black "Kolesar, Milan"]
[WhiteElo "2150"]
[BlackElo "2166"]
[Result "1-0"]
[PlyCount "43"]
[EventDate "2014.08.30"]

1. d4 d5 2. c4 c6 3. Nc3 Nf6 4. Nf3 dxc4 5. e4 b5 6. e5 Nd5 7. a4 e6 8. Ng5
Nxc3 9. bxc3 Bb7 10. Qh5 Qd7 11. Be2 a6 12. Nxh7 Kd8 13. Nxf8 Rxf8 14. Qh7 g6
15. Ba3 Re8 16. Bc5 a5 17. h4 Na6 18. Bd6 b4 19. h5 g5 20. h6 f5 21. Qg6 g4 22.
h7 1-0

[Event "XVI Festival A"]
[Site "Trieste ITA"]
[Date "2014.09.04"]
[Round "7"]
[White "Makka, Ioulia"]
[Black "Ludovici, Roberto"]
[WhiteElo "2124"]
[BlackElo "1835"]
[Result "1-0"]
[PlyCount "87"]
[EventDate "2014.08.30"]

1. e4 e5 2. Nf3 Nc6 3. Bb5 a6 4. Ba4 Nf6 5. Bxc6 dxc6 6. d3 Bg4 7. h3 Bxf3 8.
Qxf3 Qd4 9. O-O O-O-O 10. Nd2 Qd7 11. Nc4 Qe6 12. Bd2 Nd7 13. Qg3 f6 14. f4
Bc5+ 15. Kh1 b5 16. Na5 Bb6 17. Nb3 Rdg8 18. a4 Kb7 19. fxe5 Nxe5 20. Be3 h5
21. a5 Bxe3 22. Qxe3 Nd7 23. Nd4 Qd6 24. Nb3 g5 25. g3 g4 26. h4 Ne5 27. Rf5
Nf3 28. Qf4 Qxf4 29. Rxf4 Rf8 30. Rf5 Rh6 31. Kg2 Re8 32. Kf2 Re5 33. Rxe5 fxe5
34. Ke3 Ka7 35. c3 Rd6 36. Rf1 Kb7 37. Nc5+ Ka7 38. b4 Rd8 39. Nb3 Kb7 40. Nd2
c5 41. Nxf3 gxf3 42. bxc5 Kc6 43. Rxf3 Kxc5 44. Rf5 1-0

[Event "XVI Festival A"]
[Site "Trieste ITA"]
[Date "2014.09.04"]
[Round "7"]
[White "Moroni, Luca jr"]
[Black "Lyell, Mark"]
[WhiteElo "2344"]
[BlackElo "2202"]
[Result "1-0"]
[PlyCount "81"]
[EventDate "2014.08.30"]

1. c4 e5 2. Nc3 Bb4 3. Nd5 a5 4. a3 Bc5 5. Nf3 d6 6. d4 exd4 7. Nxd4 c6 8. Nc3
Qf6 9. Be3 Qg6 10. g3 Nf6 11. Nc2 Be6 12. Bxc5 dxc5 13. Ne3 O-O 14. Bg2 Nbd7
15. Qd6 Ng4 16. Ncd1 Rfe8 17. h3 Nge5 18. O-O Rad8 19. Rc1 f6 20. b3 a4 21.
bxa4 Nb6 22. Qxc5 Nxa4 23. Qb4 Ra8 24. f4 Qxg3 25. fxe5 Qxe5 26. Qxb7 Rac8 27.
Qb4 Nc5 28. Qc3 Qh5 29. Nf2 f5 30. Rce1 Ne4 31. Nxe4 fxe4 32. Kh2 Bd7 33. Rf2
Re5 34. Ref1 Rce8 35. Qd4 Bc8 36. Qd6 h6 37. Rf8+ Kh7 38. Qxc6 Bxh3 39. Bxh3
R8e6 40. Qc8 Qxe2+ 41. Ng2 1-0

[Event "XVI Festival A"]
[Site "Trieste ITA"]
[Date "2014.09.04"]
[Round "7"]
[White "Plenca, Jadranko"]
[Black "Franciskovic, Borka"]
[WhiteElo "2184"]
[BlackElo "2318"]
[Result "1/2-1/2"]
[PlyCount "63"]
[EventDate "2014.08.30"]

1. e4 c6 2. d4 d5 3. Nd2 dxe4 4. Nxe4 Bf5 5. Ng3 Bg6 6. N1e2 e6 7. Nf4 Qc7 8.
c3 Nf6 9. h4 Bd6 10. Qf3 Nbd7 11. h5 Bc2 12. Bd3 Bxd3 13. Nxd3 h6 14. Ne4 Nxe4
15. Qxe4 Nf6 16. Qf3 O-O-O 17. Be3 Qa5 18. a3 Qd5 19. Qxd5 cxd5 20. f3 Kd7 21.
Kd2 Ke7 22. Bf4 Bxf4+ 23. Nxf4 Rb8 24. a4 Rhc8 25. g4 Ne8 26. Rhe1 Kf8 27. Nd3
a5 28. Ra3 b6 29. Rb3 Nd6 30. Ne5 Ke7 31. Nd3 Kf8 32. Ne5 1/2-1/2

[Event "XVI Festival A"]
[Site "Trieste ITA"]
[Date "2014.09.04"]
[Round "7"]
[White "Popchev, Milko"]
[Black "Tratar, Marko"]
[WhiteElo "2240"]
[BlackElo "2490"]
[Result "0-1"]
[PlyCount "68"]
[EventDate "2014.08.30"]

1. d4 Nf6 2. Nf3 e6 3. c3 b6 4. Bg5 Bb7 5. Nbd2 c5 6. e3 cxd4 7. exd4 Be7 8.
Bd3 Nc6 9. O-O Nd5 10. Bxe7 Ncxe7 11. Re1 O-O 12. Bf1 Qc7 13. Ne5 d6 14. Nd3
Ng6 15. a4 e5 16. dxe5 dxe5 17. a5 Rad8 18. axb6 axb6 19. Qb3 Ndf4 20. Nxf4
Nxf4 21. Ne4 Kh8 22. Qa4 Qb8 23. g3 f5 24. Ng5 Bd5 25. Qb4 Ng6 26. Bc4 h6 27.
Bxd5 Rxd5 28. Ra6 Rd6 29. Nf3 e4 30. Nd4 Rdf6 31. f4 exf3 32. Qb5 f4 33. g4 f2+
34. Kxf2 f3 0-1

[Event "XVI Festival A"]
[Site "Trieste ITA"]
[Date "2014.09.04"]
[Round "7"]
[White "Santeramo, Alessia Carmen"]
[Black "Markocic, Tine"]
[WhiteElo "2059"]
[BlackElo "1981"]
[Result "1/2-1/2"]
[PlyCount "65"]
[EventDate "2014.08.30"]

1. e4 c5 2. Nf3 e6 3. d4 cxd4 4. Nxd4 a6 5. Bd3 Qc7 6. O-O Nf6 7. Qe2 d6 8. c4
Be7 9. Nc3 b6 10. Bd2 Bb7 11. Rac1 Nbd7 12. Kh1 O-O 13. f4 Rfe8 14. b3 Bf8 15.
Nf3 Rac8 16. Rce1 Nc5 17. Bb1 d5 18. e5 Nfe4 19. Nxe4 Nxe4 20. Bxe4 dxe4 21.
Ng5 Red8 22. Bc1 Bb4 23. Rd1 Rxd1 24. Rxd1 Rd8 25. Rxd8+ Qxd8 26. Qh5 h6 27.
Qxf7+ Kh8 28. Qh5 Kg8 29. Nxe6 Qd3 30. Kg1 Qc2 31. Qe8+ Kh7 32. Ng5+ hxg5 33.
Qh5+ 1/2-1/2

[Event "XVI Festival A"]
[Site "Trieste ITA"]
[Date "2014.09.04"]
[Round "7"]
[White "Srebrnic, Vojko"]
[Black "Vidic, Miha"]
[WhiteElo "2191"]
[BlackElo "2100"]
[Result "1-0"]
[PlyCount "87"]
[EventDate "2014.08.30"]

1. c4 c5 2. g3 Nf6 3. Bg2 d5 4. cxd5 Nxd5 5. Nc3 Nc7 6. d3 e5 7. Nf3 Nc6 8. Nd2
Bd7 9. O-O Be7 10. Nc4 f6 11. Nd5 Nxd5 12. Bxd5 Bh3 13. Bg2 Qd7 14. a4 h5 15.
Bxh3 Qxh3 16. f3 O-O-O 17. Qe1 g5 18. Qf2 Rh7 19. Be3 Rdh8 20. Bxc5 Bxc5 21.
Qxc5 g4 22. Nd6+ Kb8 23. Ne4 gxf3 24. Rxf3 Nd4 25. Rf2 h4 26. Qd6+ Ka8 27. Qxf6
Qc8 28. Qxe5 hxg3 29. Nxg3 Nc6 30. Qf5 Qd8 31. Raf1 Qb6 32. a5 Qd4 33. Qf6 Qc5
34. d4 Qxa5 35. Qd6 Rb8 36. d5 Nd8 37. e4 Rh8 38. e5 Qa4 39. Qf6 Rg8 40. e6 Qb3
41. Qe5 b6 42. e7 Nb7 43. Rf8 Qb5 44. Qxb8# 1-0

[Event "XVI Festival A"]
[Site "Trieste ITA"]
[Date "2014.09.04"]
[Round "7"]
[White "Viola, Enrico"]
[Black "Hrescak, Ivana"]
[WhiteElo "1821"]
[BlackElo "2020"]
[Result "0-1"]
[PlyCount "102"]
[EventDate "2014.08.30"]

1. d4 Nf6 2. c4 g6 3. Nc3 Bg7 4. e4 d6 5. h3 O-O 6. Bg5 Nbd7 7. Nf3 c6 8. Qd2
Qc7 9. Bh6 e5 10. Bxg7 Kxg7 11. Be2 Re8 12. O-O Nh5 13. g3 Ndf6 14. Kg2 h6 15.
dxe5 dxe5 16. Rad1 Be6 17. Qd6 Qxd6 18. Rxd6 Nd7 19. Nh4 Nhf6 20. f4 Nc5 21.
fxe5 Nfxe4 22. Nxe4 Nxe4 23. Rd4 Ng5 24. g4 Rad8 25. Rfd1 Rxd4 26. Rxd4 Bc8 27.
Nf3 Nxf3 28. Bxf3 Rxe5 29. Rd8 Be6 30. b3 Ra5 31. a4 b5 32. Bxc6 bxc4 33. b4
Re5 34. Kf2 h5 35. Bf3 hxg4 36. hxg4 c3 37. Rd3 c2 38. Rc3 Bb3 39. Bc6 Re6 40.
a5 Rd6 41. Be4 Rd4 42. Bxc2 Bxc2 43. Rxc2 Rxb4 44. Rc7 Rxg4 45. Rxa7 Ra4 46. a6
g5 47. Kg3 Kg6 48. Ra8 Kf5 49. a7 Ra3+ 50. Kf2 Kf4 51. Rf8 Rxa7 0-1

[Event "XVI Festival A"]
[Site "Trieste ITA"]
[Date "2014.09.04"]
[Round "7"]
[White "Vovk, Andrey"]
[Black "Jovanic, Ognjen"]
[WhiteElo "2614"]
[BlackElo "2461"]
[Result "1/2-1/2"]
[PlyCount "91"]
[EventDate "2014.08.30"]

1. e4 c5 2. Nf3 e6 3. d4 cxd4 4. Nxd4 Nc6 5. Nc3 Qc7 6. Be3 a6 7. Qd2 Nf6 8. f3
b5 9. O-O-O Be7 10. g4 Nxd4 11. Qxd4 Bb7 12. g5 Nh5 13. Ne2 Rc8 14. Rd2 d5 15.
exd5 Bxd5 16. Nf4 Nxf4 17. Bxf4 Qa5 18. Qxg7 Rf8 19. Rxd5 Qa4 20. Rd2 Qxf4 21.
Qd4 Qxd4 22. Rxd4 Bxg5+ 23. Kb1 Ke7 24. Bd3 Rfd8 25. Rxd8 Rxd8 26. h4 Bf6 27.
Bxh7 Rh8 28. Bd3 Rh5 29. c3 Kd6 30. Kc2 Rxh4 31. Rxh4 Bxh4 32. b4 Be1 33. Kb3
Kc6 34. c4 bxc4+ 35. Kxc4 a5 36. bxa5 Bxa5 37. Be4+ Kb6 38. Bh7 f6 39. Bg8 e5
40. Kd5 Bd2 41. Bh7 Be3 42. Bc2 Bd2 43. Ke6 Bg5 44. Kd5 Bd2 45. Ke6 Bg5 46. Kd5
1/2-1/2

[Event "XVI Festival A"]
[Site "Trieste ITA"]
[Date "2014.09.04"]
[Round "7"]
[White "Zuttioni, Federico"]
[Black "Simoni, Giulio"]
[WhiteElo "2096"]
[BlackElo "1845"]
[Result "1/2-1/2"]
[PlyCount "70"]
[EventDate "2014.08.30"]

1. e4 c5 2. Nf3 d6 3. d4 cxd4 4. Nxd4 Nf6 5. Nc3 a6 6. g3 e6 7. Bg2 Be7 8. O-O
Qc7 9. a4 Nbd7 10. f4 O-O 11. a5 Rb8 12. Kh1 Ne8 13. f5 Ne5 14. Bh3 exf5 15.
Nd5 Qd8 16. Nxf5 Bxf5 17. Bxf5 Bg5 18. Bf4 Bxf4 19. gxf4 Ng6 20. Ra3 Nf6 21.
Rd3 Nxd5 22. Rxd5 Ne7 23. Rxd6 Qxa5 24. Bh3 Rbd8 25. e5 Nc8 26. Rd3 Rxd3 27.
cxd3 Ne7 28. Bg2 Qb5 29. Qd2 Rd8 30. Be4 Nc6 31. Qg2 g6 32. Rc1 a5 33. h4 Nb4
34. Rc3 Nd5 35. Qg5 f6 1/2-1/2

[Event "XVI Festival A"]
[Site "Trieste ITA"]
[Date "2014.09.04"]
[Round "8"]
[White "Barp, Alberto"]
[Black "De Schampheleire, Glen"]
[WhiteElo "2030"]
[BlackElo "2307"]
[Result "1/2-1/2"]
[PlyCount "60"]
[EventDate "2014.08.30"]

1. d4 Nf6 2. Bg5 c5 3. Nc3 cxd4 4. Qxd4 Qa5 5. Qh4 d6 6. e4 Be6 7. a3 Nc6 8.
O-O-O a6 9. f4 Rc8 10. Qe1 Bg4 11. Be2 Bxe2 12. Ngxe2 b5 13. Nd4 Nxd4 14. Rxd4
e6 15. Rf1 Be7 16. e5 dxe5 17. fxe5 Nd5 18. Bxe7 Nxe7 19. Qf2 Nf5 20. Rf4 Rxc3
21. Qd2 b4 22. bxc3 bxc3 23. Qd3 O-O 24. g4 Qxa3+ 25. Kd1 Nh6 26. Ke2 Qa5 27.
Qe3 Qc7 28. h3 Kh8 29. Kf2 Ng8 30. Kg1 h6 1/2-1/2

[Event "XVI Festival A"]
[Site "Trieste ITA"]
[Date "2014.09.04"]
[Round "8"]
[White "Dvirnyy, Danyyil"]
[Black "Stark, Lars"]
[WhiteElo "2530"]
[BlackElo "2453"]
[Result "1/2-1/2"]
[PlyCount "81"]
[EventDate "2014.08.30"]

1. c4 Nf6 2. g3 e6 3. Bg2 d5 4. Nf3 Be7 5. O-O O-O 6. b3 a5 7. Nc3 c6 8. Bb2
Nbd7 9. Qc2 Nb6 10. d3 a4 11. Rad1 axb3 12. axb3 Re8 13. e4 Qc7 14. Rfe1 Bb4
15. e5 Nfd7 16. Re2 Nf8 17. Bc1 Bd7 18. Na2 Be7 19. h4 Reb8 20. h5 h6 21. Bf4
Ra3 22. Nh2 Qd8 23. Bc1 Ra7 24. Nc3 Ra1 25. Ng4 Rba8 26. Bb2 Rxd1+ 27. Nxd1 Be8
28. Nde3 Nbd7 29. d4 f5 30. exf6 Nxf6 31. Nxf6+ Bxf6 32. Bf3 dxc4 33. Nxc4 Bxd4
34. Rd2 c5 35. Bxb7 Rb8 36. Bf3 Qf6 37. Qd3 e5 38. Re2 Bf7 39. Bxd4 exd4 40.
Re1 Re8 41. Rxe8 1/2-1/2

[Event "XVI Festival A"]
[Site "Trieste ITA"]
[Date "2014.09.04"]
[Round "8"]
[White "Franciskovic, Borka"]
[Black "Cherin, Diego"]
[WhiteElo "2318"]
[BlackElo "2247"]
[Result "1-0"]
[PlyCount "101"]
[EventDate "2014.08.30"]

1. Nf3 f5 2. c4 Nf6 3. g3 g6 4. Bg2 Bg7 5. O-O O-O 6. Nc3 d6 7. d4 Nc6 8. d5
Na5 9. Qa4 c5 10. dxc6 Nxc6 11. Rd1 Kh8 12. c5 d5 13. Bg5 Be6 14. Bxf6 Bxf6 15.
Ne1 Qa5 16. Qxa5 Nxa5 17. Nxd5 Bxd5 18. Bxd5 Rad8 19. Rab1 e6 20. Bg2 Rxd1 21.
Rxd1 Bxb2 22. Rd7 Rc8 23. Nd3 Bc3 24. Bxb7 Nxb7 25. Rxb7 a5 26. Kg2 e5 27. Rb3
Bd4 28. e3 Ba1 29. Rb1 e4 30. Nf4 Be5 31. Ne6 Kg8 32. Rb7 h6 33. a4 Rc6 34. Rb6
Rc8 35. Rb5 Bc3 36. Nd4 Bb4 37. Nb3 Kf7 38. h4 g5 39. h5 Ke6 40. Rb6+ Ke5 41.
Rxh6 f4 42. g4 Kd5 43. Rd6+ Kc4 44. Nd2+ Kxc5 45. Nxe4+ Kc4 46. Rd4+ Kb3 47.
exf4 gxf4 48. g5 Kxa4 49. g6 Kb3 50. h6 a4 51. g7 1-0

[Event "XVI Festival A"]
[Site "Trieste ITA"]
[Date "2014.09.04"]
[Round "8"]
[White "Heikkila, Antti"]
[Black "Santeramo, Alessia Carmen"]
[WhiteElo "1953"]
[BlackElo "2059"]
[Result "0-1"]
[PlyCount "82"]
[EventDate "2014.08.30"]

1. c4 Nf6 2. g3 c5 3. Bg2 d5 4. cxd5 Nxd5 5. Nc3 Nc7 6. f4 g6 7. Nf3 Nc6 8. O-O
Bg7 9. d3 O-O 10. Be3 Ne6 11. Rc1 Rb8 12. Qd2 Ned4 13. Bf2 Nxf3+ 14. Bxf3 Bh3
15. Rfd1 Nd4 16. Bh1 Bg4 17. Bg2 Qd7 18. Re1 b6 19. Nd5 Rfd8 20. Ne3 Nxe2+ 21.
Rxe2 Bxe2 22. Qxe2 Qxd3 23. Qxd3 Rxd3 24. Bf1 Rdd8 25. Rc2 Rb7 26. Bb5 Bd4 27.
Bc6 Rbb8 28. g4 e6 29. g5 Bxe3 30. Bxe3 Rd1+ 31. Kf2 Rbd8 32. Bf3 R1d6 33. Ke2
Re8 34. Bg4 Kg7 35. Bd2 h6 36. gxh6+ Kxh6 37. Rc3 Kg7 38. Re3 f6 39. h4 Rd4 40.
Rxe6 Rxe6+ 41. Bxe6 Re4+ 0-1

[Event "XVI Festival A"]
[Site "Trieste ITA"]
[Date "2014.09.04"]
[Round "8"]
[White "Horvath, Csaba"]
[Black "Vovk, Andrey"]
[WhiteElo "2540"]
[BlackElo "2614"]
[Result "1/2-1/2"]
[PlyCount "23"]
[EventDate "2014.08.30"]

1. Nf3 Nf6 2. g3 g6 3. b3 Bg7 4. Bb2 d6 5. d4 c5 6. Bg2 cxd4 7. Nxd4 d5 8. c4
dxc4 9. bxc4 O-O 10. O-O Qb6 11. Qb3 Nfd7 12. e3 1/2-1/2

[Event "XVI Festival A"]
[Site "Trieste ITA"]
[Date "2014.09.04"]
[Round "8"]
[White "Hrescak, Ivana"]
[Black "Altini, Nicola"]
[WhiteElo "2020"]
[BlackElo "2413"]
[Result "0-1"]
[PlyCount "88"]
[EventDate "2014.08.30"]

1. d4 d5 2. c4 c6 3. Nf3 Nf6 4. Nc3 dxc4 5. a4 Bf5 6. e3 e6 7. Bxc4 Bb4 8. O-O
Nbd7 9. Qe2 O-O 10. e4 Bg6 11. Bd3 h6 12. e5 Nd5 13. Nxd5 cxd5 14. Bd2 Be7 15.
Rfc1 Bh5 16. Qe3 Nb8 17. Ne1 Bg6 18. Qg3 Bxd3 19. Nxd3 Kh8 20. Bb4 Nc6 21. Bxe7
Qxe7 22. Qf4 f5 23. Qd2 g5 24. Ne1 a5 25. Rc5 Nxe5 26. Qe2 Nc6 27. Nf3 Qf6 28.
Rd1 Rac8 29. Qb5 Rc7 30. Qb6 Rg7 31. Rc3 f4 32. Re1 Qf5 33. Qc5 Rf6 34. Ne5
Nxe5 35. dxe5 Rf8 36. Qxa5 d4 37. Rb3 d3 38. Qc3 Rd7 39. Rd1 f3 40. gxf3 Qxf3
41. Rf1 Qg4+ 42. Kh1 d2 43. Qc5 d1=Q 44. Qxf8+ Kh7 0-1

[Event "XVI Festival A"]
[Site "Trieste ITA"]
[Date "2014.09.04"]
[Round "8"]
[White "Kozul, Zdenko"]
[Black "Moroni, Luca jr"]
[WhiteElo "2608"]
[BlackElo "2344"]
[Result "1-0"]
[PlyCount "91"]
[EventDate "2014.08.30"]

1. d4 d5 2. c4 e6 3. Nf3 a6 4. Bg5 Be7 5. Bxe7 Nxe7 6. Nbd2 O-O 7. Rc1 Nd7 8.
Qc2 dxc4 9. Qxc4 c6 10. e4 Ng6 11. h4 h6 12. g3 Qc7 13. b4 e5 14. Bg2 exd4 15.
Nxd4 Nde5 16. Qc3 Ng4 17. h5 Ne7 18. f4 Rd8 19. N2b3 Qb6 20. a4 a5 21. bxa5 Qa7
22. Bf3 Nf6 23. Ke2 Bg4 24. Bxg4 Nxg4 25. Kf3 Nf6 26. Qc5 Qxc5 27. Rxc5 Nd7 28.
Rc3 c5 29. Nb5 Nc6 30. Nd6 b6 31. e5 f6 32. axb6 Nxb6 33. Rxc5 Ne7 34. a5 Nd7
35. Rb5 fxe5 36. Re1 Nc6 37. Rc1 Nd4+ 38. Nxd4 exd4 39. Rd1 Nb8 40. Nf5 Nc6 41.
Rc5 Nxa5 42. Rc7 Rab8 43. Rxg7+ Kf8 44. Rh7 Rb3+ 45. Kg4 Kg8 46. Rc7 1-0

[Event "XVI Festival A"]
[Site "Trieste ITA"]
[Date "2014.09.04"]
[Round "8"]
[White "Larmuseau, Michiel"]
[Black "Horvath, Jozsef"]
[WhiteElo "2143"]
[BlackElo "2501"]
[Result "0-1"]
[PlyCount "70"]
[EventDate "2014.08.30"]

1. e4 c6 2. Nc3 d5 3. Nf3 Nf6 4. e5 Ne4 5. d4 Qa5 6. Bd3 Bg4 7. h3 Nxc3 8. Qd2
Bxf3 9. gxf3 e6 10. bxc3 c5 11. c4 Qxd2+ 12. Kxd2 dxc4 13. Be4 Nd7 14. c3 O-O-O
15. Rb1 Nb6 16. Kc2 f5 17. exf6 gxf6 18. f4 cxd4 19. cxd4 f5 20. Bf3 Bg7 21.
Re1 Rhe8 22. Bh5 Re7 23. Ba3 Red7 24. Rbd1 Nd5 25. Be2 b5 26. Bf1 Nxf4 27. Bc1
Rxd4 28. Rxd4 Rxd4 29. Be3 Re4 30. Rb1 a6 31. a4 Nd5 32. Bc5 Nc3 33. axb5 Nxb1
34. bxa6 Nc3 35. a7 Kb7 0-1

[Event "XVI Festival A"]
[Site "Trieste ITA"]
[Date "2014.09.04"]
[Round "8"]
[White "Ludovici, Roberto"]
[Black "Blasco, Domenico"]
[WhiteElo "1835"]
[BlackElo "1874"]
[Result "0-1"]
[PlyCount "68"]
[EventDate "2014.08.30"]

1. d4 Nf6 2. Nf3 c5 3. dxc5 e6 4. Nc3 Bxc5 5. h3 d5 6. e3 Nc6 7. Bb5 O-O 8. O-O
Qc7 9. Na4 Be7 10. Nc3 Rd8 11. b3 d4 12. exd4 Nxd4 13. Bd2 Nxf3+ 14. gxf3 Bb4
15. Nb1 Bxd2 16. Nxd2 e5 17. h4 Bf5 18. Rc1 e4 19. Qe2 a6 20. Bc4 b5 21. fxe4
Bh3 22. Bd3 Bxf1 23. Qxf1 Qf4 24. Qe2 Ng4 25. f3 Ne5 26. Rf1 Rd6 27. Rf2 Rad8
28. Rg2 Rg6 29. h5 Rxg2+ 30. Kxg2 Qg5+ 31. Kf2 Qxh5 32. Nf1 Nxd3+ 33. cxd3 Qc5+
34. Ne3 Qd4 0-1

[Event "XVI Festival A"]
[Site "Trieste ITA"]
[Date "2014.09.04"]
[Round "8"]
[White "Lyell, Mark"]
[Black "Plenca, Jadranko"]
[WhiteElo "2202"]
[BlackElo "2184"]
[Result "1-0"]
[PlyCount "69"]
[EventDate "2014.08.30"]

1. e4 e5 2. Nf3 Nc6 3. d4 exd4 4. Nxd4 Nf6 5. Nxc6 bxc6 6. e5 Nd5 7. c4 Ne7 8.
Bd3 Ng6 9. O-O d6 10. exd6 Bxd6 11. Nc3 O-O 12. Re1 Ne5 13. Bf1 Bg4 14. Qc2 Qh4
15. h3 Bxh3 16. Rxe5 Bxg2 17. Bxg2 Bxe5 18. Qe4 Qf6 19. Be3 Rab8 20. Qxc6 Qxc6
21. Bxc6 Rxb2 22. Rc1 Bxc3 23. Rxc3 Rxa2 24. Rb3 Ra6 25. Bd5 c6 26. Bf3 f5 27.
Bc5 Rd8 28. Rb4 h6 29. Kg2 g5 30. Bh5 Rd7 31. Bg6 Ra5 32. Bxf5 Rxc5 33. Bxd7 a5
34. Rb6 Rxc4 35. Be6+ 1-0

[Event "XVI Festival A"]
[Site "Trieste ITA"]
[Date "2014.09.04"]
[Round "8"]
[White "Makka, Ioulia"]
[Black "Kolesar, Milan"]
[WhiteElo "2124"]
[BlackElo "2166"]
[Result "1-0"]
[PlyCount "71"]
[EventDate "2014.08.30"]

1. e4 c5 2. Nc3 Nc6 3. Bb5 Nd4 4. Bc4 g6 5. Nf3 Bg7 6. Nxd4 cxd4 7. Qf3 Nh6 8.
Ne2 O-O 9. d3 Ng4 10. Bb3 Ne5 11. Qg3 Nc6 12. a3 d6 13. O-O Bd7 14. f4 Na5 15.
Ba2 e6 16. f5 exf5 17. exf5 Bxf5 18. Rxf5 gxf5 19. Bg5 Qe8 20. Re1 h6 21. Bxh6
Qe5 22. Nf4 Qxe1+ 23. Qxe1 Bxh6 24. Nh5 Nc6 25. Qg3+ Kh8 26. Qxd6 Bg5 27. Qg3
Rg8 28. Qh3 Rg6 29. Qxf5 Be3+ 30. Kh1 Rg5 31. Qf6+ Kh7 32. Qxf7+ Kh6 33. Ng3
Rxg3 34. hxg3 Ne5 35. Qf6+ Ng6 36. Bf7 1-0

[Event "XVI Festival A"]
[Site "Trieste ITA"]
[Date "2014.09.04"]
[Round "8"]
[White "Markocic, Tine"]
[Black "Viola, Enrico"]
[WhiteElo "1981"]
[BlackElo "1821"]
[Result "1-0"]
[PlyCount "43"]
[EventDate "2014.08.30"]

1. e4 c6 2. d4 d5 3. exd5 cxd5 4. Bd3 Nf6 5. c3 Qb6 6. b3 Bd7 7. Nf3 Nc6 8. O-O
e6 9. Re1 Bd6 10. Ne5 Bxe5 11. dxe5 Ng8 12. Nd2 Nge7 13. Nf3 Ng6 14. h4 O-O-O
15. h5 Nge7 16. b4 f6 17. Be3 Qc7 18. Bc5 fxe5 19. b5 e4 20. bxc6 Bxc6 21. Ng5
exd3 22. Nxe6 1-0

[Event "XVI Festival A"]
[Site "Trieste ITA"]
[Date "2014.09.04"]
[Round "8"]
[White "Pregarac, Valter"]
[Black "Zuttioni, Federico"]
[WhiteElo "2150"]
[BlackElo "2096"]
[Result "0-1"]
[PlyCount "198"]
[EventDate "2014.08.30"]

1. Nf3 Nf6 2. c4 e6 3. Nc3 d5 4. d4 Be7 5. Bf4 O-O 6. e3 c5 7. dxc5 Bxc5 8. a3
Nc6 9. Qc2 Qa5 10. Nd2 Bb4 11. Nb3 Bxc3+ 12. bxc3 Qa4 13. Nd4 Qxc2 14. Nxc2
dxc4 15. Bxc4 b6 16. Nb4 Na5 17. Be2 Bb7 18. f3 Rac8 19. Rc1 Nc4 20. Bxc4 Rxc4
21. e4 Nxe4 22. Bd2 Nxd2 23. Kxd2 Rfc8 24. Rc2 Kf8 25. Re1 Ke7 26. Re3 f6 27.
Kc1 Kf7 28. Kb2 e5 29. Rd2 R4c7 30. Red3 Re7 31. Nd5 Bxd5 32. Rxd5 g6 33. a4 f5
34. a5 bxa5 35. Rxa5 Rcc7 36. Kb3 Rb7+ 37. Kc2 Ke6 38. c4 Rbd7 39. Ra6+ Kf7 40.
Re2 Re6 41. Ra5 Kf6 42. Kc3 e4 43. fxe4 Rxe4 44. Rea2 Rc7 45. c5 Ke5 46. Rd2
Kf4 47. Rf2+ Ke5 48. Rd2 g5 49. c6+ Kf6 50. Rc5 Re6 51. Rdd5 Rexc6 52. Rxf5+
Ke6 53. Rfe5+ Kd7 54. Red5+ Kc8 55. Rxc6 Rxc6+ 56. Kb4 h6 57. g4 Kc7 58. Rf5
Re6 59. Kc5 Rc6+ 60. Kd5 Kb6 61. Rf8 Rc5+ 62. Kd4 Rc2 63. Rf6+ Rc6 64. Rf8 Kb5
65. Rb8+ Rb6 66. Rf8 Rd6+ 67. Kc3 a5 68. Rb8+ Rb6 69. Rf8 Rc6+ 70. Kb3 a4+ 71.
Kb2 Kb4 72. Rb8+ Kc4 73. Ra8 Rb6+ 74. Ka2 Kc3 75. Rc8+ Kd3 76. Re8 Rb4 77. Re6
Rxg4 78. Rxh6 Rh4 79. Rg6 Rxh2+ 80. Ka3 Rg2 81. Kxa4 g4 82. Kb4 g3 83. Kc5 Ke3
84. Re6+ Kf4 85. Kd4 Rd2+ 86. Kc3 Rd8 87. Rf6+ Ke3 88. Re6+ Kf2 89. Rf6+ Kg1
90. Rg6 Kg2 91. Rg7 Rd6 92. Rg8 Kf2 93. Rf8+ Kg1 94. Rg8 g2 95. Rg7 Rd5 96. Kc4
Rd2 97. Kc3 Rd8 98. Rg6 Rh8 99. Kd3 Kh2 0-1

[Event "XVI Festival A"]
[Site "Trieste ITA"]
[Date "2014.09.04"]
[Round "8"]
[White "Sepehrkhoui, Ardeshir"]
[Black "Franca, Veronika"]
[WhiteElo "2134"]
[BlackElo "1952"]
[Result "0-1"]
[PlyCount "86"]
[EventDate "2014.08.30"]

1. Nf3 Nf6 2. c4 e6 3. g3 b6 4. Bg2 Bb7 5. O-O c5 6. e3 d5 7. cxd5 exd5 8. d4
Be7 9. b3 O-O 10. Bb2 Nc6 11. a3 Rc8 12. Nbd2 Re8 13. Qb1 h6 14. Rd1 Qc7 15.
Qa2 Rcd8 16. Rac1 Qb8 17. Qa1 Ba8 18. Rc2 Bb7 19. Bf1 Rc8 20. dxc5 bxc5 21. Nh4
Bf8 22. Bxf6 gxf6 23. Qxf6 Bg7 24. Qf5 Ne7 25. Qf4 Qxf4 26. exf4 Rc7 27. Rdc1
Rd7 28. a4 c4 29. bxc4 d4 30. Bd3 Nc6 31. Rb1 a5 32. Rcc1 Nb4 33. Bf5 Rde7 34.
Bg4 Na2 35. Nf5 Nxc1 36. Nxe7+ Rxe7 37. Rxc1 Bc6 38. c5 d3 39. Kf1 Bb2 40. Rc4
Bd5 41. Bf5 Re2 42. Be4 Bxc4 43. Nxc4 Rxe4 0-1

[Event "XVI Festival A"]
[Site "Trieste ITA"]
[Date "2014.09.04"]
[Round "8"]
[White "Srebrnic, Vojko"]
[Black "Lodici, Lorenzo"]
[WhiteElo "2191"]
[BlackElo "2150"]
[Result "1-0"]
[PlyCount "129"]
[EventDate "2014.08.30"]

1. c4 f5 2. g3 Nf6 3. Bg2 g6 4. Nc3 Bg7 5. d3 O-O 6. e3 e5 7. Nge2 Nc6 8. O-O
d6 9. Rb1 g5 10. f4 h6 11. b4 Rb8 12. a4 a5 13. bxa5 Nxa5 14. Nd5 Be6 15. Bd2
Nc6 16. Nec3 Ne8 17. Qc2 Qd7 18. Ne2 Kh8 19. a5 Qc8 20. Rb5 Kh7 21. Rfb1 Nd8
22. R5b3 c6 23. Nb6 Qc7 24. a6 bxa6 25. Nd7 Bxd7 26. Rxb8 Bc8 27. Qb3 Nf6 28.
Qb6 Qxb6 29. R8xb6 Nd7 30. R6b3 Nc5 31. Ra3 e4 32. d4 Nd3 33. Nc1 Nxc1 34. Rxc1
gxf4 35. gxf4 c5 36. Bc3 cxd4 37. Bxd4 Bxd4 38. exd4 Ne6 39. Rf1 Nxd4 40. Kf2
Ne6 41. Ke3 Rg8 42. Bh3 Nc5 43. Raa1 Kg6 44. Rg1+ Kf7 45. Rxg8 Kxg8 46. Rd1 Nb7
47. Rb1 Kf7 48. Bxf5 Bxf5 49. Rxb7+ Kf6 50. Rb6 Ke7 51. Rxa6 Be6 52. Ra7+ Kf6
53. Rc7 Bf5 54. Kd4 Ke6 55. c5 dxc5+ 56. Rxc5 h5 57. Re5+ Kf6 58. Rxe4 Bg4 59.
Ke3 Bd1 60. Rd4 Bc2 61. Rd5 Bg6 62. Rd6+ Kf5 63. Rxg6 Kxg6 64. Ke4 Kf6 65. h4
1-0

[Event "XVI Festival A"]
[Site "Trieste ITA"]
[Date "2014.09.04"]
[Round "8"]
[White "Suc, Timothy"]
[Black "Drazic, Sinisa"]
[WhiteElo "2122"]
[BlackElo "2433"]
[Result "0-1"]
[PlyCount "68"]
[EventDate "2014.08.30"]

1. e4 g6 2. d4 Bg7 3. Nc3 d6 4. Bg5 a6 5. Qd2 h6 6. Bh4 Nc6 7. Nf3 g5 8. Bg3 g4
9. d5 gxf3 10. dxc6 fxg2 11. Bxg2 bxc6 12. e5 d5 13. Nxd5 cxd5 14. Bxd5 Be6 15.
Bc6+ Bd7 16. Bxa8 Qxa8 17. O-O-O Qc8 18. Qb4 f6 19. f4 h5 20. Bh4 Kf7 21. Rhe1
Bg4 22. Rd3 c5 23. Qc3 Rh6 24. Qd2 Rg6 25. Rd8 Qc6 26. Rb8 Qd7 27. Qf2 Bh6 28.
Kb1 Qd4 29. f5 Rg5 30. e6+ Kg7 31. Qg2 Bf3 32. Qxf3 Qxh4 33. Rd1 Qxh2 34. a3
Qxb8 0-1